[Event "Auburn Hills, MI"]
[Site "?"]
[Date "2005.01.15"]
[Round "3.1"]
[White "Hazzard Bill"]
[Black "Prong Clint"]
[Result "1/2-1/2"]
[WhiteElo "1590"]
[BlackElo "1572"]
[PlyCount "96"]
[EventDate "2005.??.??"]
[Source "www.chesslib.no"]
[SourceDate "2004.05.04"]

1. e4 e5 2. f4 exf4 3. Nf3 g5 4. Bc4 Bg7 5. O-O h6 6. d4 Nc6 7. c3 d6 8. Qb3 Na5 9. Qa4+ c6 10. Bd3 b5 11. Qd1 Bg4 12. Qe2 a6 13. b4 Nb7 14. a4 Bd7 15. a5 Ne7 16. e5 d5 17. Nbd2 O-O 18. h3 Re8 19. Nh2 Bf5 20. Ndf3 Qd7 21. Bxf5 Nxf5 22. Qd3 Ng3 23. Re1 Nd8 24. Bd2 Qf5 25. Qxf5 Nxf5 26. Ng4 Ng3 27. h4 Ne4 28. hxg5 hxg5 29. Nf2 Nxd2 30. Nxd2 Ne6 31. Nf3 f6 32. exf6 Bxf6 33. Ng4 Kg7 34. Kf2 Rac8 35. Re2 Re7 36. Rae1 Rce8 37. Nfe5 Nd8 38. Nd3 Rxe2+ 39. Rxe2 Rxe2+ 40. Kxe2 Ne6 41. Nge5 Bxe5 42. Nxe5 Kf6 43. Nxc6 Kf5 44. Ne5 g4 45. Kf2 g3+ 46. Ke2 Ke4 47. Nf3 Kf5 48. Ne5 Ke4 1/2-1/2

[Event "Staunton CC King´s Gambit theme-F"]
[Site "?"]
[Date "2002.09.06"]
[Round "1"]
[White "Van Niekerk Theo"]
[Black "Otte Marijn"]
[Result "1-0"]
[WhiteElo "1617"]
[BlackElo "1347"]
[PlyCount "35"]
[EventDate "2002.??.??"]
[Source "www.chesslib.no"]
[SourceDate "2004.05.04"]

1. e4 e5 2. f4 exf4 3. Nf3 g5 4. Bc4 Bg7 5. O-O d6 6. d4 Nc6 7. c3 Bd7 8. Na3 Qe7 9. b4 O-O-O 10. Qa4 Nxd4 11. Qxa7 Nxf3+ 12. gxf3 Bh3 13. Bb5 c6 14. Nc4 Bd7 15. Ba6 Rf8 16. Qxb7+ Kd8 17. Qb8+ Bc8 18. Qxc8# 1-0

[Event "Hengelo"]
[Site "?"]
[Date "2005.08.11"]
[Round "6"]
[White "Oude Brunink Elias"]
[Black "Timmers Stefan"]
[Result "1-0"]
[WhiteElo "1601"]
[BlackElo "1353"]
[PlyCount "45"]
[EventDate "2005.??.??"]
[Source "www.chesslib.no"]
[SourceDate "2004.05.04"]

1. e4 e5 2. f4 exf4 3. Nf3 g5 4. Bc4 Bg7 5. O-O g4 6. d3 gxf3 7. Qxf3 Bh6 8. Bxf4 Qf6 9. e5 Qxf4 10. Bxf7+ Kxf7 11. Qh5+ Ke7 12. Rxf4 Bxf4 13. Qh4+ Ke8 14. Qxf4 Ne7 15. Nc3 Rf8 16. Qh4 Nbc6 17. Qxh7 Nxe5 18. Qh5+ Nf7 19. Re1 Kd8 20. Qh4 Re8 21. Nd5 d6 22. Rxe7 Bd7 23. Rxe8+ 1-0

[Event "Kalamata-Xristougenna 2007"]
[Site "?"]
[Date "2007.12.23"]
[Round "4"]
[White "Barbis, A."]
[Black "Koronios, D."]
[Result "1-0"]
[WhiteElo "1930"]
[BlackElo "1000"]
[PlyCount "65"]
[EventDate "2007.??.??"]
[Source "www.chesslib.no"]
[SourceDate "2004.05.04"]

1. e4 e5 2. f4 exf4 3. Nf3 g5 4. Bc4 Bg7 5. O-O h6 6. d4 d6 7. c3 Nf6 8. e5 dxe5 9. Nxe5 O-O 10. Qb3 Qe7 11. Ng6 Qd6 12. Nxf8 Qxf8 13. a4 Nc6 14. a5 Qd6 15. Bxf7+ Kh8 16. Qc4 Bf5 17. b3 Rf8 18. Ba3 Qd8 19. Bxf8 Qxf8 20. a6 Nd8 21. axb7 Nxb7 22. Qxc7 Nd6 23. Bc4 Ng4 24. Nd2 Ne3 25. Rf2 Be4 26. Rxa7 Ndxc4 27. Nxe4 Nd1 28. bxc4 Nxf2 29. Nxf2 h5 30. Nh3 f3 31. gxf3 g4 32. Nf4 Qf6 33. Nxh5 1-0

[Event "Corr"]
[Site "?"]
[Date "2001.10.01"]
[Round "?"]
[White "Dunne Stephen"]
[Black "Legarda Iturrioz Jose Javier"]
[Result "0-1"]
[WhiteElo "896"]
[BlackElo "1960"]
[PlyCount "58"]
[EventDate "2001.??.??"]
[Source "www.chesslib.no"]
[SourceDate "2004.05.04"]

1. e4 e5 2. f4 exf4 3. Nf3 g5 4. Bc4 Bg7 5. O-O d6 6. d4 h6 7. g3 Bh3 8. gxf4 Bxf1 9. Qxf1 gxf4 10. Bxf4 Qf6 11. Bg3 Nc6 12. c3 O-O-O 13. Nbd2 Nge7 14. Qh3+ Kb8 15. Rf1 Qg6 16. Nh4 Qh7 17. Bxf7 Rdf8 18. Qe6 Nd8 19. Qxe7 Rxf7 20. Rxf7 Nxf7 21. Kh1 Ng5 22. Nf5 Rg8 23. h4 Nh3 24. Kh2 Nf2 25. Nxg7 Ng4+ 26. Kh3 Qxg7 27. Qxg7 Rxg7 28. Nf3 Nf6 29. e5 dxe5 0-1

[Event "Corr"]
[Site "?"]
[Date "2001.07.18"]
[Round "?"]
[White "Hynes Thomas F"]
[Black "Aguilar Sebastian"]
[Result "1/2-1/2"]
[WhiteElo "1353"]
[BlackElo "1229"]
[PlyCount "56"]
[EventDate "2001.??.??"]
[Source "www.chesslib.no"]
[SourceDate "2004.05.04"]

1. e4 e5 2. f4 exf4 3. Nf3 g5 4. Bc4 Bg7 5. O-O d6 6. d4 h6 7. c3 Ne7 8. g3 d5 9. Bxd5 Nxd5 10. exd5 fxg3 11. Qe1+ Qe7 12. Qxg3 O-O 13. Re1 Qd6 14. Qxd6 cxd6 15. Na3 Na6 16. Nb5 Rd8 17. Nd2 f5 18. a4 f4 19. Ne4 Bf8 20. b3 Bf5 21. Ba3 Bxe4 22. Rxe4 Rd7 23. Re6 Nc7 24. Nxc7 Rxc7 25. c4 Re7 26. Rae1 Rxe6 27. dxe6 Be7 28. d5 Kg7 1/2-1/2

[Event "Corr"]
[Site "?"]
[Date "2001.04.30"]
[Round "?"]
[White "Harrison Mark"]
[Black "Sparkes William"]
[Result "0-1"]
[WhiteElo "948"]
[BlackElo "1082"]
[PlyCount "94"]
[EventDate "2001.??.??"]
[Source "www.chesslib.no"]
[SourceDate "2004.05.04"]

1. e4 e5 2. f4 exf4 3. Nf3 g5 4. Bc4 Bg7 5. O-O h6 6. d4 d6 7. Qe2 g4 8. Nh4 Bxd4+ 9. Kh1 Qxh4 10. Bxf4 Bxb2 11. Nd2 Bxa1 12. Rxa1 Ne7 13. Bb3 Nbc6 14. g3 Qf6 15. Rb1 O-O 16. Qe3 Kg7 17. Rf1 Bd7 18. c4 a5 19. c5 Ne5 20. Qc3 a4 21. Be3 Qg6 22. Bc4 Bc6 23. Bd3 b6 24. cxb6 cxb6 25. Bxb6 Nd5 26. exd5 Bxd5+ 27. Kg1 Qxd3 28. Qc1 Bxa2 29. Qb2 Bd5 30. Bc7 Qe3+ 31. Rf2 a3 32. Qa1 Qc5 33. Bxd6 Qxd6 34. Qd4 a2 35. Rf1 Ra3 36. Re1 Rfa8 37. Nb1 a1=Q 38. Qf4 Rb3 39. Qxe5+ Qdxe5 40. Rxe5 Qxe5 41. Nd2 Qd4+ 42. Kf1 Qxd2 43. h3 Qd1+ 44. Kf2 Rb2+ 45. Ke3 Qb3+ 46. Kf4 Qc4+ 47. Kf5 Qe4# 0-1